000 00735nam a2200241 i 4500
001 C2-0285112
003 PPAK
005 20180728014843.0
008 071218s2007 my a|||| ||||| | may d
020 _a9789833704668
040 _aPPAK
_beng
_cPPAK
_erda
082 0 4 _a959.5
_223
090 0 0 _a959.5
_bSYE
_dRK
100 0 _aSyed Mahadzir Syed Ibrahim,
_d1961-
_eauthor
245 1 0 _aPenglibatan kuasa barat dalam hal ehwal tempatan
264 1 _aAmpang, Selangor :
_bCooray's House of Publications Sdn Bhd ,
_c2007
300 _a24 pages :
_bcolour illustrations ;
_c20 cm
336 _2rdacontent
_atext
337 _2rdamedia
_aunmediated
338 _2rdacarrier
_avolume
650 1 0 _aMalaysia - History.
942 _ddc
_cB
999 _c91032
_d91032